Statistiken für Länder, die mit G beginnen

Klicken Sie hier um das Quiz zu spielen!

Allgemein

  • Dieses Quiz wurde 303 mal gespielt
  • Das Durchschnittsergebnis liegt bei 8 aus 10

Antwortstatistiken

Land% Korrekt
Griechenland
92%
Ghana
87%
Gambia
84%
Guinea
81%
Georgien
79%
Guatemala
79%
Gabun
76%
Guinea-Bissau
72%
Guyana
72%
Grenada
71%

Verteilung der Resultate

Perzentil nach korrekt beantworteten Fragen

Anzahl Personen mit jedem Resultat

Ihre Resultats-Entwicklung

Sie haben dieses Quiz noch nicht gespielt